Top 50 Largest City in Each Country Ending in 'o' - Statistics

General Stats
  • This quiz has been taken 120 times
  • The average score is 24 of 51
Answer Stats
# Population Country Answer % Correct
2 22,800,000 Egypt Cairo
100%
1 41,200,000 Japan Tokyo
100%
6 7,850,000 Canada Toronto
99%
3 22,600,000 Brazil São Paulo
98%
5 8,400,000 Chile Santiago
97%
20 1,550,000 Portugal Porto
91%
23 1,270,000 Norway Oslo
90%
13 2,875,000 Ecuador Quito
89%
4 9,600,000 United States Chicago
88%
10 4,975,000 Sri Lanka Colombo
87%
17 1,810,000 Uruguay Montevideo
83%
11 3,900,000 Dominican Republic Santo Domingo
83%
12 3,150,000 Madagascar Antananarivo
80%
8 5,700,000 Mali Bamako
78%
16 1,980,000 Syria Aleppo
77%
9 5,350,000 Nigeria Kano
74%
15 2,575,000 Mozambique Maputo
71%
28 859,500 Italy Palermo
71%
34 398,510 Czechia Brno
68%
21 1,510,000 Argentina Rosario
63%
14 2,825,000 Venezuela Maracaibo
60%
27 872,186 Spain Bilbao
58%
22 1,320,000 Ukraine Dnipro
57%
45 240,924 Suriname Paramaribo
54%
38 348,363 Bosnia and Herzegovina Sarajevo
53%
42 257,000 Equatorial Guinea Malabo
49%
19 1,710,000 Philippines Davao
48%
41 264,320 Benin Porto-Novo
46%
7 7,700,000 China Qīngdăo
39%
48 223,075 Sierra Leone Bo
36%
25 1,025,100 Peru Trujillo
34%
24 1,100,000 Burkina Faso Bobo-Dioulasso
28%
18 1,750,000 Mexico Queretaro
23%
26 906,400 Italy Bergamo
22%
29 665,952 Zimbabwe Bulawayo
22%
36 358,717 Belarus Grodno
20%
49 213,375 Cuba Guantanamo
18%
28 812,088 Vietnam Can Tho
17%
30 600,751 Angola Lubango
14%
31 544,600 Russia Kemerovo
10%
37 358,000 Somalia Kismayo
8%
33 471,409 Tanzania Morogoro
7%
40 264,943 Bolivia Oruro
7%
43 254,424 Myanmar Bago
6%
39 310,531 North Korea Namp'o
6%
32 531,600 Colombia Villavicencio
4%
46 232,300 Costa Rica Cartago
3%
44 243,048 Cote d'Ivoire Korhogo
3%
50 211,964 Iraq Zakho
2%
35 394,683 Indonesia Manado
1%
47 224,509 South Korea Mokpo
1%
No matching quizzes found
Score Distribution
Percent of People with Each Score
Percentile by Number Answered
Your Score History
You have not taken this quiz